Normal view
MARC view
Entry Uniform Title
001 - CONTROL NUMBER
- control field: 10358
003 - CONTROL NUMBER IDENTIFIER
- control field: TZ-ArACH
005 - DATE AND TIME OF LATEST TRANSACTION
- control field: 20130515130310.0
008 - FIXED-LENGTH DATA ELEMENTS
- fixed length control field: 130515|||a|||||| | ||| d
040 ## - CATALOGING SOURCE
- Original cataloging agency: TZ-ArACH
- Transcribing agency: TZ-ArACH
130 ## - HEADING--UNIFORM TITLE
- Uniform title: Statut de Rome de la Cour pénale internationale
- Date of treaty signing: (1998)
670 ## - SOURCE DATA FOUND
- Source citation: Work cat.: (TZ-ArACH)2217: Hiéramente, Mayeul. 10355, Cour pénale internationale et les États-Unis : une analyse juridique du différend /, 2008.
670 ## - SOURCE DATA FOUND
- Source citation: Work cat.: (TZ-ArACH)2217: Hiéramente, Mayeul. 10355, Cour pénale internationale et les États-Unis : une analyse juridique du différend /, 2008.
